| 000 | 00372nam a22001457a 4500 | ||
|---|---|---|---|
| 008 | 250514b ||||| |||| 00| 0 eng d | ||
| 020 | _a9780324319835 | ||
| 041 | _aeng | ||
| 080 |
_2COCISE FIFTH EDITION _a330BRI |
||
| 082 |
_2330BRI _a330BRI |
||
| 100 | _a23 | ||
| 101 | _aFINANCA | ||
| 245 |
_aFUNDAMENTALS OF FINANCIAL MANAGEMENT _cEUGENE F.BRIGHAM |
||
| 942 |
_2udc _cBK |
||
| 999 |
_c60715 _d60715 |
||